000
00265nam a22001217a 4500
008
181004b xxu||||| |||| 00| 0 eng d
041
_a
eng
080
_a
710
100
_a
45
101
_a
ART
245
_a
The age Of Baroque Art
_c
Kitson ,M
942
_2
udc
_c
BK
999
_c
48847
_d
48847